Visualizzazione normale
Vista MARC
- Wannadies (The)
di Personal Name
Records bibliografici associati: 1
001 - CONTROL NUMBER
- control field: 31902
003 - CONTROL NUMBER IDENTIFIER
- control field: IT-RoPau
005 - DATE AND TIME OF LATEST TRANSACTION
- control field: 20140625165525.0
008 - FIXED-LENGTH DATA ELEMENTS
- fixed length control field: 140625|| aca||aabn | a|a d
040 ## - CATALOGING SOURCE
- Original cataloging agency: IT-RoPau
- Transcribing agency: IT-RoPau
100 ## - HEADING--PERSONAL NAME
- Personal name: Wannadies (The)
- Dates associated with a name: Codice autore testo/musica SPICS: 49226
- Relator term: Autore testo/musica
- Name of part/section of a work: You and Me Song
670 ## - SOURCE DATA FOUND
- Source citation: Work cat.: (IT-RoPau)101121: AA.VV. 794, Romeo & Giulietta di William Shakespeare